000 00591nam a22001815i 4500
001 165762
003 ES-MaACL
005 20231103062536.0
008 050906s1886 xxk | |||||||| ||eng d
040 _aCAM
_bspa
_cCAM
100 1 _aStephens, Henry Morse.
_9132899
245 1 2 _aA history of the french revolution /
_cby H. Morse Stephens.
260 _aLondon :
_bRivingstons,
_c1886.
300 _a3 v. ;
_c22 cm.
651 4 _aFrancia-
_xHistoria-
_y1789-1799, Revolución
_98685
852 _aES-MaACL
_jG-11348
_z-- Enc. tela
_q-- Sólo t.I (XXIV, 533 p.)
999 _c165762
_d165762